Languages In Their Own Language - Statistics

General Stats
  • This quiz has been taken 43 times
  • The average score is 28 of 41
Answer Stats
Native English % Correct
Polskie Polish
85%
Español Spanish
80%
हिन्दी Hindi
78%
한국어 Korean
78%
普通话 Mandarin
78%
English English
75%
Deutsche German
75%
日本語 Japanese
75%
मराठी Marathi
75%
বাংলা Bengali
73%
Français French
73%
Basa Jawa Javanese
73%
Melayu Malay
73%
IsiZulu Zulu
73%
አማርኛ Amharic
70%
Português Portuguese
70%
Română Romanian
70%
عربى Arabic
68%
Ελληνικά Greek
68%
русский Russian
68%
Kiswahili Swahili
68%
Yoruba Yoruba
68%
Nederlands Dutch
65%
Italiano Italian
65%
தமிழ் Tamil
65%
ไทย Thai
65%
Pilipino Filipino
63%
עברית Hebrew
63%
Magyar Hungarian
63%
ਪੰਜਾਬੀ Punjabi
63%
svenska Swedish
63%
తెలుగు Telugu
63%
Türkçe Turkish
63%
اردو Urdu
63%
Tiếng Việt Vietnamese
63%
മലയാളം Malayalam
60%
فارسی Persian
60%
Hausa Hausa
58%
پښتو Pashto
55%
Українська Ukrainian
55%
ဗမာ Burmese
53%
No matching quizzes found
Score Distribution
Percent of People with Each Score
Percentile by Number Answered
Your Score History
You have not taken this quiz